برنامج مقترح لإعداد معلمى اللغة العربية لغير أهلها للمرحلة المتوسطة فى تشاد /
Saved in:
| Main Author: | |
|---|---|
| Other Authors: | |
| Format: | Thesis |
| Language: | Arabic |
| Published: |
خرطوم
: معهد خرطوم دولى غة عربية،
1986
|
| Subjects: | |
| Tags: |
Add Tag
No Tags, Be the first to tag this record!
|
| LEADER | 015010000a22003490004500 | ||
|---|---|---|---|
| 001 | 89550 | ||
| 005 | 20021115000300.0 | ||
| 008 | 940203s1986 ara | ||
| 035 | |a 295902 | ||
| 035 | |a (Sirsi) 89550 | ||
| 040 | |a UIAM |b eng | ||
| 043 | |a f-cd--- | ||
| 049 | |b m | ||
| 050 | 0 | |a PJ6068.C45 | |
| 100 | 1 | |a محمد، يوسف دهب | |
| 242 | 1 | 0 | |a Barnamij muqtarah li-i'dad mu'allimi al-lughah al-'Arabiyah li-ghayr ahliha lil-marhalah al-mutawassitah fi Tshad |
| 245 | 1 | 0 | |a برنامج مقترح لإعداد معلمى اللغة العربية لغير أهلها للمرحلة المتوسطة فى تشاد / |c يوسف دهب محمد؛ إشراف تاج الدين البغدادي |
| 260 | 1 | |a خرطوم |b : معهد خرطوم دولى غة عربية، |c 1986 | |
| 300 | |a 127 leaves ; |c 33 cm. | ||
| 500 | |a Abstract in French | ||
| 502 | |a (M.A)--Ma'had al-Khartum al-Duwali lil-Lughat al-'Arabiyah, |c 1986 | ||
| 596 | |a 1 | ||
| 650 | 8 | |a لغة عربية |x طرق تدريس |z تشاد | |
| 650 | 8 | |a مدرسو عربية |x تدريب |z تشاد | |
| 650 | 8 | |a رسالة جامعية | |
| 650 | 0 | |a Arabic teachers |x Training of |z Chad | |
| 650 | 0 | |a Arabic language |x Study and teaching |z Chad | |
| 655 | 0 | 7 | |a Theses, non-IIUM |
| 700 | 1 | |a Muhammad, Yusuf Dahab | |
| 900 | |a checked a r r 200496 | ||
| 999 | |c 430625 |d 462116 | ||
| 952 | |0 0 |6 T PJ 006068 C45 M9522B |7 0 |8 THESES |9 749897 |a IIUM |b IIUM |c MULTIMEDIA |g 0.00 |o t PJ 6068 C45 M9522B |p 00000295903 |r 2017-10-19 |t 1 |v 0.00 |y THESIS | ||
